Les Puissances Militaires du Monde - Statistiques

Statistiques générales
  • Ce quiz a été pris 2 228 fois
  • Le résultat moyen est 9 sur 10
Statistiques - réponses
Rang Nation Dépenses Militaires Soldats Actifs Réservistes Ogives Nucléaires % Correct
1 États-Unis 770 Milliards 1,4 Million 440 000 5 550
99%
9 France 40,9 Milliards 200 000 35 000 290
99%
2 Russie 154 Milliards 850 000 250 000 6 255
99%
3 Chine 250,2 Milliards 2 Millions 510 000 350
98%
4 Inde 49,6 Milliards 1,45 Million 1,15 Million 156
91%
5 Royaume-Uni 38 Milliards 194 000 37 000 225
91%
8 Japon 47,5 Milliards 240 000 55 000 0
88%
6 Corée du Sud 46,3 Milliards 550 000 500 000 0
74%
10 Italie 12 Milliards 170 000 20 000 0
69%
7 Pakistan 7,7 Milliards 640 000 500 000 165
68%
Aucun quiz correspondant
Distribution des résultats
% des personnes avec chaque résultat
Percentile par nombre de réponses
Votre historique - résultats
Vous n’avez pas pris ce quiz